000 01251cam a2200349 i 4500
001 25355
003 Mx-PuUPA
005 20260506164040.0
008 140415s2018 mx gr 000 0 spa d
020 _a9786076282496
040 _cMx-PuUPA
_aMx-PuUPA
_bspa
_dMx-PuUPA
_erda
041 0 _aspa
043 _acl-----
_anwcu---
100 1 _917982
_aPettinà, Vanni,
_eautor
245 1 0 _aHistoria mínima de la Guerra fría en América Latina /
_cVanni Pettinà
250 _aPrimera edición
264 1 _aCiudad de México, México :
_bEl Colegio de México,
_c2018
300 _a260 páginas ;
_c21 cm
336 _2rdacontent
_atexto
_btxt
337 _2rdamedia
_asin medio
_bn
338 _2rdacarrier
_avolumen
_bnc
490 0 _aColección Historias mínimas
650 7 _2armarc
_aGuerra fría
_xInfluencia
651 4 _aAmérica Latina
_xHistoria
_y1948-1980
651 4 _aAmérica Latina
_xHistoria
_y1980
651 4 _aCuba
_xHistoria
_yRevolución, 1959
_xInfluencia
651 4 _aAmérica Latina
_xPolítica y gobierno
_y1948-1980
942 _2ddc
_cLI
_h980.033
_iP47
999 _c25355
_d25355